000 00743nam a2200265Ia 4500
003 OSt
005 20220918192656.0
006 a|||||r|||| 00| 0
007 ta
008 220917b |||||||| |||| 00| 0 eng d
024 _a69,574
037 _cTextual
040 _aARTS
_cARTS
_beng
041 _2eng
_aeng
082 _aQ4y7M91, N0
100 _aSanghasen Singh ed
_926354
245 0 _aAmbedkar on Buddhist conversion and its impact
260 _aDelhi
_bEastern
_c1990
300 _aviii,240p.
_ccm.
500 _aAppendix 213-40p
650 _aRELIGION
700 _a Priya Sen Singh ed
_979772
942 _hQ4y7M91, N0
_cTEXL
_2CC
999 _c195716
_d195716